000 00271nam a2200109Ia 4500
008 190914s9999||||xx |||||||||||||| ||und||
100 _aSimon Haykin
245 0 _aModern Wireless Communications
260 _aPakistan
_bTata McGraw Hill
_c2006
300 _a988
942 _cBK
999 _c9651
_d9651